000 01637ncm0a2200385 4500
001 RU\NLR\ONIZ\209403
005 20250624195157.0
035 _a(NLR Aleph) 010890237
071 2 0 _aс 3594 к
090 _a10548750
_c10548750
100 _a20150318d2005 |||y0rusy50 ca
101 0 _arus
102 _aRU
125 _aax
200 1 _aСоната
_bНоты
_dSonata
_eдля скрипки и фп.
_zeng
_fВ. Баснер
_gпредисл. А. Утешева
210 _aСанкт-Петербург
_cКомпозитор - Санкт-Петербург
_d2005
215 _a28 с.
_cпортр.
_d30 см
300 _aПеред нот. текстом: Памяти М. Ваймана
606 1 _aСонаты для скрипки и фортепиано
_yРоссия
_z20 в.
_jНоты
_2nlr_sh
686 _aЩ955.4-42-041(2)
_vLBC/SL
_2rubbk
700 1 _9z01790
_aБаснер
_bВ.Е.
_f1925-1996
_gВениамин Ефимович
_4230
_7ca
702 1 _9z02790
_aВайман
_bМ.И.
_f1927-1977
_gМихаил Израилевич
_4280
702 1 _9z03790
_aУтешев
_bА. П.
_cмузыковед
_f1931-
_gАлександр Павлович
_4545
790 1 _9z01700
_aBasner
_bV. E.
_f1925-1996
_gVeniamin Efimovič
_4230
_7ba
790 1 _9z02702
_aVaiman
_bM.
_f1927-1977
_gMichail
_4280
_7ba
790 1 _9z03702
_aUteshev
_bA.
_gAleksandr
_4545
801 0 _aRU
_bNLR
_c20150318
_gPSBO
801 1 _aRU
_bNLR
_c20150318
_2rusmarc
801 2 _aRU
_bNLR
_c20151110
852 _aNLR
_bМ
_jК-3/26242
_p278581
_t1
852 _aNLR
_bМ
_jК-3/26242а
_p257259
_t2
942 _cSCORE
980 _aNB
980 _aONIZ